[Event "Mallorca-ch D1"]
[Site "Palma de Mallorca"]
[Date "2000.10.28"]
[Round "2"]
[White "Garcias, Rafael"]
[Black "Ripoll Marques, Antonio"]
[Result "1-0"]
[WhiteElo "1966"]
[BlackElo "2053"]
[PlyCount "92"]
[EventDate "2000.??.??"]
[EventType "swiss"]
[EventRounds "8"]
[EventCountry "ESP"]
[SourceTitle "EXT 2003"]
[Source "ChessBase"]
[SourceDate "2002.11.25"]
[SourceVersion "1"]
[SourceVersionDate "2002.11.25"]
[SourceQuality "1"]

1. d4 Nf6 2. c4 e6 3. Nc3 d5 4. Nf3 dxc4 5. e3 c5 6. Bxc4 Nc6 7. 0-0 Be7 8. dxc5 Qxd1 9. Rxd1 Bxc5 10. b3 a6 11. Bb2 b5 12. Bd3 Bb7 13. Ne4 Nxe4 14. Bxe4 f5 15. Bxc6+ Bxc6 16. Rdc1 Bxf3 17. Rxc5 Bd5 18. Rc7 Rg8 19. Rac1 Rd8 20. Ra7 Ra8 21. Rxa8+ Bxa8 22. Rc7 h5 23. Bxg7 Kd8 24. Ra7 Bc6 25. Bf6+ Kc8 26. Rg7 Rxg7 27. Bxg7 Kc7 28. f3 Kd6 29. Kf2 Ke7 30. Bc3 Bd5 31. Kg3 Kf7 32. Kf4 Kg6 33. g3 Bc6 34. a3 Kf7 35. e4 fxe4 36. fxe4 Kg6 37. Ke5 Kf7 38. Kd4 Ke7 39. Ke5 Bb7 40. Kf4 Kf7 41. Kg5 Bxe4 42. Kxh5 b4 43. axb4 Bc2 44. Kg5 Bxb3 45. h4 Bc2 46. g4 Kg8 1-0

[Event "Mallorca-ch D1"]
[Site "Palma de Mallorca"]
[Date "2000.10.21"]
[Round "1"]
[White "Gutierrez Coll, Juan Luis"]
[Black "Garcias, Rafael"]
[Result "1/2-1/2"]
[WhiteElo "2052"]
[BlackElo "1966"]
[PlyCount "66"]
[EventDate "2000.??.??"]
[EventType "swiss"]
[EventRounds "8"]
[EventCountry "ESP"]
[SourceTitle "EXT 2003"]
[Source "ChessBase"]
[SourceDate "2002.11.25"]
[SourceVersion "1"]
[SourceVersionDate "2002.11.25"]
[SourceQuality "1"]

1. d4 Nf6 2. c4 d5 3. cxd5 Qxd5 4. Nc3 Qd8 5. e4 c6 6. Be2 e6 7. Nf3 Bb4 8. Qc2 h6 9. a3 Be7 10. 0-0 0-0 11. b4 b6 12. Bf4 Nbd7 13. e5 Nd5 14. Nxd5 cxd5 15. Rac1 a5 16. Qc6 Ra7 17. Bd2 axb4 18. Bxb4 Bxb4 19. axb4 Nb8 20. Qc3 Ba6 21. b5 Bb7 22. Rc2 Qe7 23. Rfc1 Rc8 24. Qxc8+ Bxc8 25. Rxc8+ Kh7 26. Rxb8 Qa3 27. Rbc8 Qb2 28. Bd3+ g6 29. h4 Ra3 30. R8c2 Qb4 31. Bf1 Kg7 32. Rc6 Ra2 33. R1c2 Ra3 1/2-1/2